The american heritage reader: selections from the magazine of history
I tiakina i:
| Kaituhi matua: | |
|---|---|
| Hōputu: | Pukapuka |
| Reo: | Ingarihi |
| I whakaputaina: |
Nueva York
Dell
1956
|
| Ngā marau: | |
| Ngā Tūtohu: |
Tāpirihia he Tūtohu
Kāore He Tūtohu, Me noho koe te mea tuatahi ki te tūtohu i tēnei pūkete!
|
MARC
| LEADER | 00000nam a2200000 a 4500 | ||
|---|---|---|---|
| 001 | UCO1072 | ||
| 003 | CL-VaPUC | ||
| 008 | 000505e19560000US |||||||||||||||||eng|d | ||
| 082 | 0 | 4 | |a 973 |b CAT |2 21 |
| 100 | 0 | |a Catton, Bruce |e author |9 442858 | |
| 245 | 1 | 4 | |a The american heritage reader: selections from the magazine of history |
| 300 | |a 253 p | ||
| 942 | |c BK | ||
| 945 | |d 20000505 00:00:00 |a crobeson | ||
| 260 | |a Nueva York |b Dell |c 1956 | ||
| 600 | 0 | 7 | |a WASHINGTON, GEORGE |2 CL-VaPUC |9 377771 |
| 600 | 0 | |a Lincoln, Abraham, |d 1809-1865 |9 321765 | |
| 650 | 7 | |a HISTORIA ESTADOUNIDENSE |2 CL-VaPUC |9 350346 | |
| 650 | 7 | |a COLONIA |2 CL-VaPUC |9 442859 | |
| 650 | 0 | |a Independencia |9 344246 | |
| 650 | 0 | |a Guerra civil |9 320243 | |
| 651 | 0 | |a Estados Unidos |9 255178 | |
| 583 | |a last modification |c 20000505 00:00:00 |k Rodrigo Vera | ||
| 999 | |c 287705 |d 287703 | ||
| 952 | |0 0 |1 0 |4 0 |6 973_000000000000000_CAT_1956 |7 0 |8 A |9 334669 |a BIBHIS |b BIBHIS |d 2019-11-20 |i 1273507 |o 973 CAT 1956 |p 1273507 |r 2025-01-20 |w 2019-11-20 |y BK |k HIS | ||